00568nam a2200205Ia 4500008004100000020001800041040001900059041001200078082002800090100002100118245004100139260002800180300002100208440001700229504005000246630001500296630001600311650002000327651001500347140110s9999 xx 000 0 und d a9780415435208 aLoreto College aEnglish a302.23/WHIbLCLIB/46485 aWhittaker, Jason aMagazine productioncJason Whittaker aLondonbRoutledgec2008 axiii,191p c24cm aMedia skills aIncludes bibliographical references and index aJournalism aPeriodicals aMagazine Design aMass Media